Design of semi-continuous fixed dome biogas plant for natural rubber effluent treatment (Record no. 75738)

MARC details
000 -LEADER
fixed length control field 00779nam a22001817a 4500
100 ## - MAIN ENTRY--AUTHOR NAME
Personal name Fagbemi, E.A.
245 ## - TITLE STATEMENT
Title Design of semi-continuous fixed dome biogas plant for natural rubber effluent treatment
260 ## - PUBLICATION, DISTRIBUTION, ETC. (IMPRINT)
Name of publisher Natural Rubber Industry: Way forward for the Competitiveness and Sustainability: Proceedings of the International Rubber Conference 2019, 30 September- 1st October 2019, International Rubber Research and Development Board and Myanmar Rubber Planters and Producers Association, Nai Pyi Taw, Myanmar, pp. 286-291.
Year of publication 2022
650 ## - SUBJECT ADDED ENTRY--TOPICAL TERM
Topical Term Rubber effluent
650 ## - SUBJECT ADDED ENTRY--TOPICAL TERM
Topical Term Fixed dome
700 ## - ADDED ENTRY--PERSONAL NAME
Personal name Ohifuemen, A.O.
700 ## - ADDED ENTRY--PERSONAL NAME
Personal name Osasee, F.O.
700 ## - ADDED ENTRY--PERSONAL NAME
Personal name Udokpoh, N.U.
700 ## - ADDED ENTRY--PERSONAL NAME
Personal name Ibikunle, O.I.
700 ## - ADDED ENTRY--PERSONAL NAME
Personal name Imoh, F.M.
942 ## - ADDED ENTRY ELEMENTS (KOHA)
Koha item type Articles
Holdings
Withdrawn status Lost status Damaged status Not for loan Home library Current library Date acquired Koha item type
        RRII Library RRII Library 03/11/2025 Articles